Prensa y periodismo especializado (Record no. 19182)

MARC details
000 -LEADER
campo de control de longitud fija 01063nam a2200253 i 4500
001 - NÚMERO DE CONTROL
campo de control 19182
003 - IDENTIFICADOR DE NÚMERO DE CONTROL
campo de control ES-MaACL
005 - FECHA Y HORA DE LA ÚLTIMA TRANSACCIÓN
campo de control 20250825073430.0
007 - CAMPO FIJO DE DESCRIPCIÓN FÍSICA--INFORMACIÓN GENERAL
campo de control de longitud fija t|
008 - DATOS DE LONGITUD FIJA--INFORMACIÓN GENERAL
campo de control de longitud fija 020628s2002 sp ||||1| spa d
020 ## - NÚMERO INTERNACIONAL ESTÁNDAR DEL LIBRO
Número Internacional Estándar del Libro 84-95179-65-2
080 ## - NÚMERO DE LA CLASIFICACIÓN DECIMAL UNIVERSAL
Número de la Clasificación Decimal Universal 070(460)(063)
111 2# - ENTRADA PRINCIPAL--NOMBRE DE CONGRESO/REUNIÓN
Nombre de congreso/reunión o jurisdicción como elemento de entrada Congreso Prensa y Periodismo Especializado
Número del congreso/reunión o número de parte o sección (1º.
Fecha del congreso o de la firma del tratado 2002.
Sede del congreso/Lugar de la reunión Guadalajara)
9 (RLIN) 573
245 10 - MENCIÓN DEL TÍTULO
Título Prensa y periodismo especializado
Resto del título : (historia y realidad actual) /
Mención de responsabilidad, etc. [I Congreso Prensa y Periodismo Especializado, Guadalajara, 8-10 de mayo de 2002] ; Juan José Fernández Sanz, José Carlos Rueda Laffond, Carlos Sanz Establés (editores).
260 ## - PUBLICACIÓN, DISTRIBUCIÓN, ETC.
Lugar de publicación, distribución, etc. Guadalajara :
Nombre del editor, distribuidor, etc. Ayuntamiento,
Fecha de publicación, distribución, etc. 2002.
300 ## - DESCRIPCIÓN FÍSICA
Extensión 672 p. :
Otras características físicas gráf. ;
Dimensiones 24 cm.
650 #4 - PUNTO DE ACCESO ADICIONAL DE MATERIA--TÉRMINO DE MATERIA
Término de materia o nombre geográfico como elemento de entrada Periodismo especializado-
Subdivisión de forma Congresos y asambleas.
9 (RLIN) 138843
650 04 - PUNTO DE ACCESO ADICIONAL DE MATERIA--TÉRMINO DE MATERIA
Término de materia o nombre geográfico como elemento de entrada Prensa-
Subdivisión de forma Congresos y asambleas.
9 (RLIN) 16352
700 1# - ENTRADA AGREGADA--NOMBRE PERSONAL
Nombre de persona Fernández Sanz, Juan José.
9 (RLIN) 50081
700 1# - ENTRADA AGREGADA--NOMBRE PERSONAL
Nombre de persona Rueda Laffond, José Carlos.
9 (RLIN) 100525
700 1# - ENTRADA AGREGADA--NOMBRE PERSONAL
Nombre de persona Sanz Establés, Carlos.
9 (RLIN) 103636
852 4# - LOCALIZACIÓN
Ubicación ES-MaACL
Número de control de estantería L-25616
Sublocalización o colección R.131682
Holdings
Estatus retirado Estado de pérdida Estado de daño No para préstamo Biblioteca de origen Biblioteca actual Ubicación en estantería Fecha de adquisición Fuente de adquisición Total de préstamos Signatura topográfica completa Código de barras Visto por última vez Precio de reemplazo Tipo de ítem Koha
        Biblioteca del Ateneo de Madrid Biblioteca del Ateneo de Madrid Depósito 2 17/01/2008     L-25616 1019627 23/02/2023 23/02/2023 Libro impreso